[Event "Kadettlandskamp NOR-SWE B 2018"]
[Site "NTG, Bærum, Norway"]
[Date "2018.12.15"]
[Round "1.1"]
[White "Falkevall, Axel"]
[Black "Nielsen, Andre"]
[Result "0-1"]
[BlackTitle "FM"]
[WhiteFideId "1735560"]
[BlackFideId "1518240"]
[WhiteElo "1715"]
[BlackElo "1917"]

1. e4 {[%clk 00:15:19]} {[%emt 00:00:01]} e5 {[%clk 00:15:17]} {[%emt
00:00:02]} 2. Nf3 {[%clk 00:15:27]} {[%emt 00:00:03]} Nc6 {[%clk 00:15:24]}
{[%emt 00:00:03]} 3. Bb5 {[%clk 00:15:33]} {[%emt 00:00:04]} a6 {[%clk
00:15:29]} {[%emt 00:00:06]} 4. Ba4 {[%clk 00:15:41]} {[%emt 00:00:02]} Nf6
{[%clk 00:15:35]} {[%emt 00:00:04]} 5. d3 {[%clk 00:15:48]} {[%emt 00:00:02]}
Bc5 {[%clk 00:15:00]} {[%emt 00:00:44]} 6. O-O {[%clk 00:15:41]} {[%emt
00:00:18]} b5 {[%clk 00:15:02]} {[%emt 00:00:08]} 7. Bb3 {[%clk 00:15:49]}
{[%emt 00:00:03]} d6 {[%clk 00:15:04]} {[%emt 00:00:08]} 8. c3 {[%clk
00:15:50]} {[%emt 00:00:09]} Bb6 {[%clk 00:15:04]} {[%emt 00:00:09]} 9. Nbd2
{[%clk 00:15:31]} {[%emt 00:00:30]} O-O {[%clk 00:15:00]} {[%emt 00:00:13]} 10.
Re1 {[%clk 00:15:08]} {[%emt 00:00:34]} Re8 {[%clk 00:14:45]} {[%emt 00:00:24]}
11. Nf1 {[%clk 00:14:53]} {[%emt 00:00:26]} Be6 {[%clk 00:11:41]} {[%emt
00:03:14]} 12. Bc2 {[%clk 00:14:20]} {[%emt 00:00:43]} d5 {[%clk 00:11:14]}
{[%emt 00:00:36]} 13. Bg5 {[%clk 00:13:28]} {[%emt 00:01:02]} h6 {[%clk
00:10:48]} {[%emt 00:00:37]} 14. Bh4 {[%clk 00:12:56]} {[%emt 00:00:43]} dxe4
{[%clk 00:09:39]} {[%emt 00:01:18]} 15. dxe4 {[%clk 00:12:34]} {[%emt
00:00:32]} Qxd1 {[%clk 00:09:20]} {[%emt 00:00:28]} 16. Bxd1 {[%clk 00:11:18]}
{[%emt 00:01:26]} g5 {[%clk 00:09:06]} {[%emt 00:00:24]} 17. Bg3 {[%clk
00:11:26]} {[%emt 00:00:03]} Nd7 {[%clk 00:08:42]} {[%emt 00:00:31]} 18. a4
{[%clk 00:10:33]} {[%emt 00:01:04]} f6 {[%clk 00:07:48]} {[%emt 00:01:03]} 19.
b4 {[%clk 00:07:58]} {[%emt 00:02:47]} Ne7 {[%clk 00:05:51]} {[%emt 00:02:06]}
20. Be2 {[%clk 00:07:04]} {[%emt 00:01:04]} c6 {[%clk 00:05:17]} {[%emt
00:00:44]} 21. Red1 {[%clk 00:06:20]} {[%emt 00:00:54]} Red8 {[%clk 00:04:59]}
{[%emt 00:00:28]} 22. Rd6 {[%clk 00:05:29]} {[%emt 00:01:01]} Nf8 {[%clk
00:03:29]} {[%emt 00:01:41]} 23. Rxd8 {[%clk 00:04:55]} {[%emt 00:00:45]} Rxd8
{[%clk 00:03:34]} {[%emt 00:00:04]} 24. axb5 {[%clk 00:05:01]} {[%emt
00:00:04]} axb5 {[%clk 00:03:37]} {[%emt 00:00:07]} 25. Ra6 {[%clk 00:04:50]}
{[%emt 00:00:22]} Rb8 {[%clk 00:03:06]} {[%emt 00:00:40]} 26. h4 {[%clk
00:03:18]} {[%emt 00:01:44]} Nd7 {[%clk 00:01:47]} {[%emt 00:01:27]} 27. N3h2
{[%clk 00:02:33]} {[%emt 00:00:56]} Nc8 {[%clk 00:01:36]} {[%emt 00:00:18]} 28.
Bg4 {[%clk 00:02:33]} {[%emt 00:00:12]} Kf7 {[%clk 00:01:08]} {[%emt 00:00:38]}
29. Bxe6+ {[%clk 00:01:14]} {[%emt 00:01:29]} Kxe6 {[%clk 00:01:16]} {[%emt
00:00:02]} 30. Ng4 {[%clk 00:01:23]} h5 {[%clk 00:01:21]} {[%emt 00:00:05]} 31.
Nge3 {[%clk 00:01:12]} {[%emt 00:00:21]} Nd6 {[%clk 00:01:24]} {[%emt
00:00:07]} 32. f3 {[%clk 00:01:06]} {[%emt 00:00:16]} Nc4 {[%clk 00:00:58]}
{[%emt 00:00:36]} 33. Bf2 {[%clk 00:01:15]} {[%emt 00:00:02]} gxh4 {[%clk
00:00:43]} {[%emt 00:00:24]} 34. Nxc4 {[%clk 00:01:16]} {[%emt 00:00:08]} bxc4
{[%clk 00:00:49]} {[%emt 00:00:05]} 35. Bxb6 {[%clk 00:01:21]} {[%emt
00:00:05]} Rxb6 {[%clk 00:00:49]} {[%emt 00:00:10]} 36. Ra5 {[%clk 00:00:43]}
{[%emt 00:00:48]} Rb7 {[%clk 00:00:28]} {[%emt 00:00:31]} 37. Ne3 {[%clk
00:00:46]} {[%emt 00:00:07]} Nb6 {[%clk 00:00:27]} {[%emt 00:00:11]} 38. Rc5
{[%clk 00:00:47]} {[%emt 00:00:09]} Kd7 {[%clk 00:00:30]} {[%emt 00:00:07]} 39.
Nxc4 {[%clk 00:00:37]} {[%emt 00:00:20]} Na4 {[%clk 00:00:26]} {[%emt
00:00:14]} 40. Nxe5+ {[%clk 00:00:18]} {[%emt 00:00:29]} fxe5 {[%clk 00:00:28]}
{[%emt 00:00:09]} 41. Rxe5 {[%clk 00:00:27]} Nxc3 {[%clk 00:00:27]} {[%emt
00:00:12]} 42. Rxh5 {[%clk 00:00:36]} {[%emt 00:00:01]} Rxb4 {[%clk 00:00:23]}
{[%emt 00:00:13]} 43. Kf2 {[%clk 00:00:33]} {[%emt 00:00:13]} Rb2+ {[%clk
00:00:28]} {[%emt 00:00:04]} 44. Ke3 {[%clk 00:00:35]} {[%emt 00:00:08]} Rxg2
{[%clk 00:00:28]} {[%emt 00:00:11]} 45. Rxh4 {[%clk 00:00:43]} {[%emt
00:00:02]} Rg6 {[%clk 00:00:31]} {[%emt 00:00:06]} 46. Kd4 {[%clk 00:00:43]}
{[%emt 00:00:09]} Nb5+ {[%clk 00:00:38]} {[%emt 00:00:04]} 47. Kd3 {[%clk
00:00:28]} {[%emt 00:00:26]} Kd6 {[%clk 00:00:40]} {[%emt 00:00:07]} 48. f4
{[%clk 00:00:33]} {[%emt 00:00:06]} c5 {[%clk 00:00:35]} {[%emt 00:00:14]} 49.
Kc4 {[%clk 00:00:18]} {[%emt 00:00:25]} Kc6 {[%clk 00:00:41]} {[%emt 00:00:05]}
50. e5 {[%clk 00:00:16]} {[%emt 00:00:11]} Na3+ {[%clk 00:00:37]} {[%emt
00:00:14]} 51. Kd3 {[%clk 00:00:19]} {[%emt 00:00:07]} Kd5 {[%clk 00:00:42]}
{[%emt 00:00:04]} 52. Rh3 {[%clk 00:00:18]} {[%emt 00:00:13]} Nb5 {[%clk
00:00:41]} {[%emt 00:00:11]} 53. Re3 {[%clk 00:00:20]} {[%emt 00:00:08]} Rg2
{[%clk 00:00:28]} {[%emt 00:00:21]} 54. Rh3 {[%clk 00:00:14]} {[%emt 00:00:17]}
c4+ {[%clk 00:00:33]} {[%emt 00:00:05]} 55. Ke3 {[%clk 00:00:23]} Ra2 {[%clk
00:00:39]} {[%emt 00:00:04]} 56. Rh8 {[%clk 00:00:31]} {[%emt 00:00:03]} Ra3+
{[%clk 00:00:44]} {[%emt 00:00:05]} 57. Kd2 {[%clk 00:00:39]} {[%emt 00:00:02]}
Rd3+ {[%clk 00:00:47]} {[%emt 00:00:07]} 58. Kc2 {[%clk 00:00:47]} {[%emt
00:00:02]} Nd4+ {[%clk 00:00:55]} {[%emt 00:00:02]} 59. Kc1 {[%clk 00:00:55]}
{[%emt 00:00:02]} Rf3 {[%clk 00:00:56]} {[%emt 00:00:08]} 60. Rd8+ {[%clk
00:00:56]} {[%emt 00:00:09]} Ke4 {[%clk 00:00:58]} {[%emt 00:00:08]} 61. Rd6
{[%clk 00:00:59]} {[%emt 00:00:08]} c3 {[%clk 00:00:52]} {[%emt 00:00:16]} 62.
Kb1 {[%clk 00:00:58]} {[%emt 00:00:10]} Rf1+ {[%clk 00:00:54]} {[%emt
00:00:08]} 63. Ka2 {[%clk 00:01:07]} Rf2+ {[%clk 00:00:59]} {[%emt 00:00:07]}
64. Kb1 {[%clk 00:01:13]} {[%emt 00:00:04]} c2+ {[%clk 00:01:01]} {[%emt
00:00:08]} 65. Kb2 {[%clk 00:01:21]} {[%emt 00:00:03]} Nb3 {[%clk 00:00:27]}
{[%emt 00:00:44]} 0-1

[Event "Kadettlandskamp NOR-SWE B 2018"]
[Site "NTG, Bærum, Norway"]
[Date "2018.12.15"]
[Round "1.2"]
[White "Vitenberg, Noam A"]
[Black "Olsson, William"]
[Result "1-0"]
[WhiteFideId "1532138"]
[BlackFideId "1741721"]
[WhiteElo "1889"]
[BlackElo "1743"]

1. Nf3 {[%clk 00:15:18]} d5 {[%clk 00:15:16]} {[%emt 00:00:05]} 2. d4 {[%clk
00:15:23]} {[%emt 00:00:05]} Nf6 {[%clk 00:15:23]} {[%emt 00:00:04]} 3. c4
{[%clk 00:15:29]} {[%emt 00:00:04]} c6 {[%clk 00:15:32]} 4. e3 {[%clk
00:15:17]} {[%emt 00:00:22]} Bf5 {[%clk 00:15:37]} {[%emt 00:00:05]} 5. Nh4
{[%clk 00:15:15]} {[%emt 00:00:12]} Bg4 {[%clk 00:14:58]} {[%emt 00:00:49]} 6.
Qb3 {[%clk 00:15:22]} {[%emt 00:00:02]} Qb6 {[%clk 00:15:07]} {[%emt 00:00:03]}
7. h3 {[%clk 00:15:14]} {[%emt 00:00:18]} Bh5 {[%clk 00:14:57]} {[%emt
00:00:19]} 8. g4 {[%clk 00:14:49]} {[%emt 00:00:35]} Bg6 {[%clk 00:15:05]}
{[%emt 00:00:01]} 9. c5 {[%clk 00:14:56]} {[%emt 00:00:03]} Qc7 {[%clk
00:14:29]} {[%emt 00:00:47]} 10. Bg2 {[%clk 00:14:11]} {[%emt 00:00:55]} Nbd7
{[%clk 00:14:16]} {[%emt 00:00:22]} 11. f4 {[%clk 00:13:01]} {[%emt 00:01:21]}
Be4 {[%clk 00:14:00]} {[%emt 00:00:25]} 12. Nf3 {[%clk 00:13:05]} {[%emt
00:00:05]} e6 {[%clk 00:13:35]} {[%emt 00:00:34]} 13. Nc3 {[%clk 00:13:11]}
{[%emt 00:00:06]} b6 {[%clk 00:12:55]} {[%emt 00:00:51]} 14. cxb6 {[%clk
00:13:00]} {[%emt 00:00:20]} axb6 {[%clk 00:13:03]} {[%emt 00:00:02]} 15. Bd2
{[%clk 00:11:42]} {[%emt 00:01:28]} h6 {[%clk 00:10:42]} {[%emt 00:02:31]} 16.
O-O {[%clk 00:10:48]} {[%emt 00:01:02]} Be7 {[%clk 00:09:00]} {[%emt 00:01:53]}
17. Rac1 {[%clk 00:10:01]} {[%emt 00:00:58]} Qb7 {[%clk 00:08:35]} {[%emt
00:00:35]} 18. g5 {[%clk 00:07:46]} {[%emt 00:02:25]} hxg5 {[%clk 00:06:52]}
{[%emt 00:01:53]} 19. fxg5 {[%clk 00:06:21]} {[%emt 00:01:35]} Nh7 {[%clk
00:06:24]} {[%emt 00:00:38]} 20. h4 {[%clk 00:06:06]} {[%emt 00:00:24]} Nhf8
{[%clk 00:06:23]} {[%emt 00:00:12]} 21. Be1 {[%clk 00:05:50]} {[%emt 00:00:26]}
Bd3 {[%clk 00:06:00]} {[%emt 00:00:34]} 22. Rf2 {[%clk 00:05:34]} {[%emt
00:00:26]} Bc4 {[%clk 00:06:08]} {[%emt 00:00:02]} 23. Qc2 {[%clk 00:05:34]}
{[%emt 00:00:05]} Ng6 {[%clk 00:06:02]} {[%emt 00:00:21]} 24. b3 {[%clk
00:04:50]} {[%emt 00:00:54]} Ba6 {[%clk 00:06:02]} {[%emt 00:00:11]} 25. Qd1
{[%clk 00:03:58]} {[%emt 00:01:01]} Qc7 {[%clk 00:05:20]} {[%emt 00:00:52]} 26.
b4 {[%clk 00:02:06]} {[%emt 00:02:02]} Bc4 {[%clk 00:04:22]} {[%emt 00:01:07]}
27. Rb2 {[%clk 00:01:47]} {[%emt 00:00:29]} Bd6 {[%clk 00:03:02]} {[%emt
00:01:30]} 28. Bf2 {[%clk 00:01:46]} {[%emt 00:00:10]} Ke7 {[%clk 00:02:43]}
{[%emt 00:00:30]} 29. Qe1 {[%clk 00:01:49]} {[%emt 00:00:07]} b5 {[%clk
00:02:30]} {[%emt 00:00:23]} 30. e4 {[%clk 00:01:02]} {[%emt 00:00:56]} Kd8
{[%clk 00:01:57]} {[%emt 00:00:39]} 31. e5 {[%clk 00:00:34]} {[%emt 00:00:42]}
Be7 {[%clk 00:02:06]} {[%emt 00:00:01]} 32. Ra1 {[%clk 00:00:31]} {[%emt
00:00:13]} Nf4 {[%clk 00:02:02]} {[%emt 00:00:13]} 33. Bf1 {[%clk 00:00:25]}
{[%emt 00:00:17]} Nb6 {[%clk 00:01:48]} {[%emt 00:00:25]} 34. a3 {[%clk
00:00:24]} {[%emt 00:00:11]} Kd7 {[%clk 00:01:21]} {[%emt 00:00:36]} 35. Rc2
{[%clk 00:00:27]} {[%emt 00:00:07]} Qd8 {[%clk 00:01:13]} {[%emt 00:00:17]} 36.
Qe3 {[%clk 00:00:29]} {[%emt 00:00:09]} Ng6 {[%clk 00:01:07]} {[%emt 00:00:15]}
37. Bd3 {[%clk 00:00:22]} {[%emt 00:00:19]} Bxd3 {[%clk 00:00:59]} {[%emt
00:00:17]} 38. Qxd3 {[%clk 00:00:31]} {[%emt 00:00:01]} Nc4 {[%clk 00:01:08]}
39. Rca2 {[%clk 00:00:23]} {[%emt 00:00:18]} Nf4 {[%clk 00:01:16]} {[%emt
00:00:02]} 40. Qf1 {[%clk 00:00:27]} {[%emt 00:00:05]} f6 {[%clk 00:00:54]}
{[%emt 00:00:32]} 41. exf6 {[%clk 00:00:21]} {[%emt 00:00:16]} gxf6 {[%clk
00:01:03]} 42. a4 {[%clk 00:00:27]} {[%emt 00:00:05]} fxg5 {[%clk 00:00:44]}
{[%emt 00:00:30]} 43. axb5 {[%clk 00:00:33]} {[%emt 00:00:03]} Rxa2 {[%clk
00:00:52]} {[%emt 00:00:01]} 44. Rxa2 {[%clk 00:00:43]} {[%emt 00:00:02]} Qb8
{[%clk 00:00:35]} {[%emt 00:00:26]} 45. bxc6+ {[%clk 00:00:46]} {[%emt
00:00:07]} Ke8 {[%clk 00:00:19]} {[%emt 00:00:26]} 46. Bg3 {[%clk 00:00:37]}
{[%emt 00:00:19]} gxh4 {[%clk 00:00:14]} {[%emt 00:00:15]} 47. c7 {[%clk
00:00:27]} {[%emt 00:00:21]} Qxc7 {[%clk 00:00:11]} {[%emt 00:00:13]} 48. Nb5
{[%clk 00:00:20]} {[%emt 00:00:16]} Qb7 {[%clk 00:00:17]} {[%emt 00:00:04]} 49.
Bxf4 {[%clk 00:00:22]} {[%emt 00:00:08]} Qxb5 {[%clk 00:00:25]} {[%emt
00:00:02]} 50. Ra8+ {[%clk 00:00:29]} {[%emt 00:00:03]} Bd8 {[%clk 00:00:33]}
{[%emt 00:00:01]} 51. Bg5 {[%clk 00:00:35]} {[%emt 00:00:05]} Kd7 {[%clk
00:00:28]} {[%emt 00:00:16]} 52. Ne5+ {[%clk 00:00:44]} Kd6 {[%clk 00:00:18]}
{[%emt 00:00:19]} 53. Rxd8+ {[%clk 00:00:45]} {[%emt 00:00:09]} Rxd8 54. Bxd8
{[%clk 00:00:54]} Qe8 {[%clk 00:00:30]} {[%emt 00:00:06]} 55. Nxc4+ {[%clk
00:00:47]} {[%emt 00:00:18]} dxc4 {[%clk 00:00:39]} 56. Qf4+ {[%clk 00:00:56]}
Kc6 {[%clk 00:00:41]} {[%emt 00:00:07]} 57. Qc7+ {[%clk 00:00:58]} {[%emt
00:00:09]} Kd5 {[%clk 00:00:42]} {[%emt 00:00:09]} 58. Qe5+ {[%clk 00:01:06]}
Kc6 {[%clk 00:00:47]} {[%emt 00:00:07]} 59. Qc5+ {[%clk 00:01:15]} Kd7 {[%clk
00:00:56]} {[%emt 00:00:01]} 60. Qc7# {[%clk 00:01:23]} {[%emt 00:00:03]} 1-0

[Event "Kadettlandskamp NOR-SWE B 2018"]
[Site "NTG, Bærum, Norway"]
[Date "2018.12.15"]
[Round "1.3"]
[White "Nguyen, Gabriel"]
[Black "Kizatbay, Abyl"]
[Result "1/2-1/2"]
[WhiteFideId "1720791"]
[BlackFideId "1521853"]
[WhiteElo "1906"]
[BlackElo "1952"]

1. d4 {[%clk 00:15:18]} {[%emt 00:00:02]} Nf6 {[%clk 00:15:19]} {[%emt
00:00:01]} 2. Nf3 {[%clk 00:15:22]} {[%emt 00:00:06]} g6 {[%clk 00:15:25]}
{[%emt 00:00:04]} 3. c4 {[%clk 00:15:30]} {[%emt 00:00:02]} Bg7 {[%clk
00:15:34]} {[%emt 00:00:02]} 4. Nc3 {[%clk 00:15:38]} {[%emt 00:00:01]} d5
{[%clk 00:15:43]} 5. cxd5 {[%clk 00:15:44]} {[%emt 00:00:05]} Nxd5 {[%clk
00:15:51]} {[%emt 00:00:02]} 6. e4 {[%clk 00:15:51]} {[%emt 00:00:03]} Nxc3
{[%clk 00:15:56]} {[%emt 00:00:06]} 7. bxc3 {[%clk 00:15:57]} {[%emt 00:00:04]}
c5 {[%clk 00:15:59]} {[%emt 00:00:07]} 8. Be3 {[%clk 00:16:05]} {[%emt
00:00:02]} O-O {[%clk 00:15:36]} {[%emt 00:00:33]} 9. Qd2 {[%clk 00:16:10]}
{[%emt 00:00:05]} Qa5 {[%clk 00:15:21]} {[%emt 00:00:25]} 10. Rc1 {[%clk
00:15:54]} {[%emt 00:00:25]} Rd8 {[%clk 00:15:07]} {[%emt 00:00:24]} 11. d5
{[%clk 00:15:24]} {[%emt 00:00:40]} Bg4 {[%clk 00:14:22]} {[%emt 00:00:56]} 12.
Be2 {[%clk 00:15:11]} {[%emt 00:00:23]} Nc6 {[%clk 00:12:33]} {[%emt 00:01:58]}
13. O-O {[%clk 00:13:45]} {[%emt 00:01:37]} e6 {[%clk 00:11:28]} {[%emt
00:01:15]} 14. h3 {[%clk 00:12:59]} {[%emt 00:00:56]} Bxf3 {[%clk 00:11:33]}
{[%emt 00:00:05]} 15. Bxf3 {[%clk 00:13:07]} {[%emt 00:00:02]} Ne5 {[%clk
00:10:35]} {[%emt 00:01:07]} 16. Be2 {[%clk 00:12:59]} {[%emt 00:00:19]} exd5
{[%clk 00:10:03]} {[%emt 00:00:42]} 17. exd5 {[%clk 00:13:04]} {[%emt
00:00:05]} c4 {[%clk 00:10:09]} {[%emt 00:00:04]} 18. Rfd1 {[%clk 00:12:56]}
{[%emt 00:00:18]} Rac8 {[%clk 00:10:11]} {[%emt 00:00:08]} 19. f4 {[%clk
00:11:35]} {[%emt 00:01:31]} Nd7 {[%clk 00:09:53]} {[%emt 00:00:28]} 20. Bf3
{[%clk 00:08:40]} {[%emt 00:03:05]} Re8 {[%clk 00:07:21]} {[%emt 00:02:42]} 21.
Bd4 {[%clk 00:05:45]} {[%emt 00:03:05]} Bxd4+ {[%clk 00:06:13]} {[%emt
00:01:19]} 22. Qxd4 {[%clk 00:05:51]} {[%emt 00:00:04]} b5 {[%clk 00:05:43]}
{[%emt 00:00:40]} 23. d6 {[%clk 00:05:30]} {[%emt 00:00:31]} Rcd8 {[%clk
00:03:56]} {[%emt 00:01:58]} 24. Bc6 {[%clk 00:03:42]} {[%emt 00:01:58]} Qa6
{[%clk 00:03:55]} {[%emt 00:00:11]} 25. Qd5 {[%clk 00:03:04]} {[%emt 00:00:47]}
Qb6+ {[%clk 00:02:45]} {[%emt 00:01:22]} 26. Kh2 {[%clk 00:03:06]} {[%emt
00:00:07]} Qe3 {[%clk 00:02:10]} {[%emt 00:00:44]} 27. Rf1 {[%clk 00:02:36]}
{[%emt 00:00:40]} a6 {[%clk 00:02:13]} {[%emt 00:00:07]} 28. Rce1 {[%clk
00:02:02]} {[%emt 00:00:44]} Qxe1 {[%clk 00:01:04]} {[%emt 00:01:20]} 29. Rxe1
{[%clk 00:02:11]} Rxe1 {[%clk 00:01:13]} 30. Bxd7 {[%clk 00:02:19]} {[%emt
00:00:01]} Rxd7 {[%clk 00:01:22]} 31. Qc6 {[%clk 00:02:28]} {[%emt 00:00:01]}
Rd8 {[%clk 00:01:19]} {[%emt 00:00:13]} 32. Qxa6 {[%clk 00:02:30]} {[%emt
00:00:09]} Rd1 {[%clk 00:00:55]} {[%emt 00:00:33]} 33. Qxb5 {[%clk 00:02:38]}
{[%emt 00:00:02]} R8xd6 {[%clk 00:01:00]} {[%emt 00:00:05]} 34. Qxc4 {[%clk
00:02:40]} {[%emt 00:00:08]} R6d2 {[%clk 00:01:07]} {[%emt 00:00:03]} 35. a4
{[%clk 00:01:55]} {[%emt 00:00:55]} Ra1 {[%clk 00:01:09]} {[%emt 00:00:08]} 36.
Qe4 {[%clk 00:01:31]} {[%emt 00:00:33]} Rda2 {[%clk 00:00:55]} {[%emt
00:00:24]} 37. Qe8+ {[%clk 00:01:29]} {[%emt 00:00:12]} Kg7 {[%clk 00:01:04]}
{[%emt 00:00:02]} 38. Qe5+ {[%clk 00:01:12]} {[%emt 00:00:26]} Kg8 {[%clk
00:01:12]} {[%emt 00:00:03]} 39. Qe8+ {[%clk 00:01:15]} {[%emt 00:00:07]} Kg7
{[%clk 00:01:19]} {[%emt 00:00:04]} 40. Qe5+ {[%clk 00:01:21]} {[%emt
00:00:03]} Kg8 {[%emt 00:00:02]} 1/2-1/2

[Event "Kadettlandskamp NOR-SWE B 2018"]
[Site "NTG, Bærum, Norway"]
[Date "2018.12.15"]
[Round "1.4"]
[White "Abdrlauf, Elham"]
[Black "Rasti, Arvin"]
[Result "1-0"]
[WhiteFideId "1533533"]
[BlackFideId "1741160"]
[WhiteElo "2191"]
[BlackElo "1777"]

1. e4 {[%clk 00:15:19]} {[%emt 00:05:46]} c6 {[%clk 00:15:14]} {[%emt
00:00:06]} 2. d4 {[%clk 00:15:27]} {[%emt 00:00:02]} d5 {[%clk 00:15:23]}
{[%emt 00:00:02]} 3. e5 {[%clk 00:15:36]} c5 {[%clk 00:15:32]} {[%emt
00:00:02]} 4. dxc5 {[%clk 00:15:43]} {[%emt 00:00:03]} e6 {[%clk 00:15:41]} 5.
a3 {[%clk 00:15:52]} {[%emt 00:00:01]} Nc6 {[%clk 00:15:50]} 6. Nf3 {[%clk
00:15:58]} {[%emt 00:00:03]} Bxc5 {[%clk 00:15:58]} {[%emt 00:00:02]} 7. b4
{[%clk 00:16:07]} {[%emt 00:00:01]} Bb6 {[%clk 00:16:07]} {[%emt 00:00:01]} 8.
Bb2 {[%clk 00:16:09]} {[%emt 00:00:07]} Nge7 {[%clk 00:16:15]} {[%emt
00:00:02]} 9. Nbd2 {[%clk 00:16:13]} {[%emt 00:00:06]} Ng6 {[%clk 00:15:25]}
{[%emt 00:01:00]} 10. b5 {[%clk 00:14:50]} {[%emt 00:01:33]} Nce7 {[%clk
00:14:40]} {[%emt 00:00:55]} 11. h4 {[%clk 00:14:47]} {[%emt 00:00:12]} h5
{[%clk 00:14:01]} {[%emt 00:00:50]} 12. g3 {[%clk 00:14:19]} {[%emt 00:00:38]}
Bd7 {[%clk 00:13:11]} {[%emt 00:00:59]} 13. Be2 {[%clk 00:14:05]} {[%emt
00:00:24]} Rc8 {[%clk 00:12:31]} {[%emt 00:00:51]} 14. O-O {[%clk 00:13:57]}
{[%emt 00:00:18]} Nf5 {[%clk 00:12:06]} {[%emt 00:00:34]} 15. Kg2 {[%clk
00:13:06]} {[%emt 00:01:02]} Qc7 {[%clk 00:11:26]} {[%emt 00:00:50]} 16. Bd3
{[%clk 00:12:12]} {[%emt 00:01:04]} Bc5 {[%clk 00:08:58]} {[%emt 00:02:37]} 17.
Nb3 {[%clk 00:11:50]} {[%emt 00:00:32]} Be7 {[%clk 00:08:20]} {[%emt 00:00:49]}
18. Nbd4 {[%clk 00:11:21]} {[%emt 00:00:38]} Qb6 {[%clk 00:06:45]} {[%emt
00:01:46]} 19. a4 {[%clk 00:10:05]} {[%emt 00:01:26]} a5 {[%clk 00:06:34]}
{[%emt 00:00:21]} 20. bxa6 {[%clk 00:09:05]} {[%emt 00:01:10]} Qxb2 {[%clk
00:05:52]} {[%emt 00:00:52]} 21. Rb1 {[%clk 00:09:14]} {[%emt 00:00:01]} Qa3
{[%clk 00:05:06]} {[%emt 00:00:56]} 22. axb7 {[%clk 00:09:23]} {[%emt
00:00:02]} Rb8 {[%clk 00:05:15]} 23. Bb5 {[%clk 00:09:01]} {[%emt 00:00:31]}
Rxb7 24. Nxf5 {[%clk 00:09:10]} exf5 {[%clk 00:04:20]} {[%emt 00:00:04]} 25.
Qxd5 {[%clk 00:09:18]} {[%emt 00:00:02]} Bxb5 {[%clk 00:03:38]} {[%emt
00:00:52]} 26. axb5 {[%clk 00:09:27]} Qa7 {[%clk 00:03:06]} {[%emt 00:00:42]}
27. Qc6+ {[%clk 00:09:12]} {[%emt 00:00:25]} Kf8 {[%clk 00:03:08]} {[%emt
00:00:08]} 28. Qc8+ {[%clk 00:09:20]} {[%emt 00:00:02]} 1-0